Générique Caroline - Paroles - Statistiques

Statistiques générales
  • Ce quiz a été pris 7 fois
  • Le résultat moyen est 11 sur 15
Statistiques - réponses
Paroles % Correct
Caroline, {Caroline}
100%
Caroline, {Caroline}
100%
Caroline, {Caroline}
86%
Caroline, {Caroline}
86%
Car rien n'est {impossible}
86%
Dans le monde magique de {Caroline}
86%
Grâce à lui, grâce à {lui}
86%
Grâce au {poudrier} magique
71%
Plein d'{aventures} fantastique
71%
Tu pourras te {transformer}
71%
Au gré de tes désirs, de tes {sourires}
57%
En fée ou en {sorcière}
57%
En lion ou en {panthère}
57%
Rien n'est {inaccessible}
57%
Tu vivras, tu {vivras}
57%
Aucun quiz correspondant
Distribution des résultats
% des personnes avec chaque résultat
Percentile par nombre de réponses
Votre historique - résultats
Vous n’avez pas pris ce quiz